[Event "GER-ch U12 Girls"]
[Site "Willingen"]
[Date "2023.06.03"]
[Round "9"]
[White "Weyerer, Elea"]
[Black "Borck, Elena"]
[Result "1-0"]
[WhiteElo "1408"]
[BlackElo "970"]
[PlyCount "107"]
[EventDate "2023.05.27"]
[EventType "swiss"]
[EventRounds "9"]
[EventCountry "GER"]
[SourceTitle "CBM 214 Extra"]
[Source "ChessBase"]
[SourceDate "2023.07.31"]
[SourceVersion "1"]
[SourceVersionDate "2023.07.31"]
[SourceQuality "1"]

1. d4 d5 2. Bf4 Nf6 3. Nf3 Bf5 4. c4 c5 5. dxc5 dxc4 6. Qxd8+ Kxd8 7. Ne5 Ke8 8. Nxc4 Nc6 9. Ne3 e6 10. Nxf5 exf5 11. Nc3 Rd8 12. e3 Bxc5 13. Bc4 Ke7 14. Ke2 Rhe8 15. Rhd1 Ne4 16. Nd5+ Ke6 17. Nc7+ Ke7 18. Nxe8 Rxe8 19. Rd5 g6 20. f3 Nd6 21. Rxc5 Nxc4 22. Rxc4 Rc8 23. Rac1 Kd7 24. b4 b5 25. Rc5 a6 26. a3 f6 27. Bh6 Kd6 28. Bg7 Kd7 29. Bxf6 Kd6 30. Be5+ Kd7 31. Rd5+ Ke6 32. Rd6+ Kxe5 33. Rdxc6 Rd8 34. R1c5+ Rd5 35. Rxd5+ Kxd5 36. Rxa6 Kc4 37. Rb6 g5 38. Rc6+ Kb3 39. Rc5 Kxa3 40. Rxb5 g4 41. Rxf5 Kxb4 42. e4 gxf3+ 43. gxf3 Kc4 44. Rd5 h6 45. Rd8 h5 46. e5 Kc5 47. e6 Kc6 48. e7 Kc7 49. e8Q h4 50. Qe7+ Kc6 51. Qd7+ Kc5 52. Qc7+ Kb4 53. Rb8+ Ka3 54. Qa7# 1-0

[Event "GER-chT U14 Girls"]
[Site "Willingen"]
[Date "2021.06.25"]
[Round "3.8"]
[White "Weyerer, Elea"]
[Black "Gruber, Florentine"]
[Result "0-1"]
[WhiteElo "768"]
[BlackElo "988"]
[PlyCount "50"]
[EventDate "2021.06.23"]
[EventType "team-swiss"]
[EventRounds "7"]
[EventCountry "GER"]
[SourceTitle "EXT 2022"]
[Source "ChessBase"]
[SourceDate "2021.10.06"]
[SourceVersion "1"]
[SourceVersionDate "2021.10.06"]
[SourceQuality "1"]
[WhiteTeam "Oberursel"]
[BlackTeam "Paderborn"]
[WhiteTeamCountry "GER"]
[BlackTeamCountry "GER"]

1. e4 e6 2. Nf3 d5 3. exd5 exd5 4. d4 Bd6 5. Bd3 Ne7 6. h3 0-0 7. 0-0 c5 8. Be3 c4 9. Be2 Nf5 10. Qc1 Nc6 11. c3 Re8 12. Re1 Nxe3 13. fxe3 Ne7 14. Nbd2 Nf5 15. e4 dxe4 16. Nh2 Bxh2+ 17. Kxh2 Qd6+ 18. Kh1 Nh4 19. Rg1 b5 20. Qf1 Bb7 21. Bh5 g6 22. Qf2 Nf5 23. Bg4 Ng3+ 24. Kh2 Nf1+ 25. Kh1 Qh2# 0-1